000
00285nam a22001337a 4500
008
170510b xxu||||| |||| 00| 0 eng d
020
_a
9780495599296
041
_a
eng
080
_a
343.9
100
_a
15
101
_a
SHJ
245
_a
CRIME VICTIMS
_c
KARMEN.A
942
_2
udc
_c
BK
999
_c
13067
_d
13067